00522nam a2200193 a 4500001001300000003000900013005001700022008004100039020000900080082001600089100002500105245006400130260003600194300000900230500003500239505001000274650001900284700002500303nice12345678IN_TiNIC20260116011307.0050524s1945 lona grp 000 0 eng  ac2400a891.51bDAR aDarab, Gholam Hosein aMakhzanol Asrar, the Treasury of Mysteries of Nizami Ganjeh aLondonbArthur Probsthainc1945 a258p aincludes index and biblioraphy2 aIndex aPersian Poetry1 aDarab, Gholam Hosein